Estudios de Derecho de contratos en homenaje a Antonio Manuel Morales Moreno

Saved in:
書目詳細資料
其他作者: Vidal Olivares, Alvaro (Director), Severin Fuster, Gonzalo (Editor)
格式: 圖書
語言:西班牙语
出版: Santiago, Chile Thomson Reuters-Legal Publishing 2018
版:1a. ed
主題:
標簽: 添加標簽
沒有標簽, 成為第一個標記此記錄!

MARC

LEADER 00000cam a2200000 a 4500
001 UCC7700
003 CL-VaPUC
005 20231003105005.0
008 190427e20180000cl |||||||||||||||||spa|d
999 |c 374276  |d 374274 
020 |a 9789563469936 
040 |c Pontificia Universidad Católica de Valparaíso 
082 0 4 |a 346.8302 VID 2018  |2 21 
100 0 |a Vidal Olivares, Alvaro  |e director   |9 602395 
245 1 0 |a Estudios de Derecho de contratos en homenaje a Antonio Manuel Morales Moreno 
250 |a 1a. ed 
260 |a Santiago, Chile   |b Thomson Reuters-Legal Publishing  |c 2018 
300 |a 951 páginas  
505 |a PRIMERA PARTE FORMACIÓN, CONTENIDO E INTERPRETACIÓN DEL CONTRATO Formación del contrato bajo los Principios latinoamericanos de derecho de los contratos / Rodrigo Momberg Uribe La ruptura de las tratativas Preliminares como una justificada excepción al Principio de libertad contractual y un Particular supuesto de indemnización Precontractual / Patricia Verónica López Díaz Sobre la naturaleza de la estipulación a favor de otro. derecho comparado y chileno / Daniel Peñailillo Arévalo Voluntad individual y reciprocidad de la relación contractual. reflexiones a propósito del error / Enrique Barros Bourie La distribución del riesgo de las equivocaciones a través de la disciplina del error / Iñigo De la Maza Gazmuri El dolo Vicio del consentimiento: Viejas y nuevas consideraciones Pamela Prado López Universidad de Valparaíso De nuevo sobre la causa / Alejandro Guzmán Brito El objeto del contrato. comentarios relativos al contenido de la Prestación en el contrato de construcción / María Sara Rodríguez Pinto La Venta con sobreprecio de Viviendas de Protección oficial en España: una ecuación irresoluble / Luis Miguel López Fernández La Presunción de solidaridad en el “moderno derecho de contratos” / Hernán Corral Talciani La representación en los Principios latinoamericanos de derecho de los contratos. análisis y propuestas de mejora / Beatriz Gregoraci La anulación (o rescisión) del contrato y los PDLC / Carmen Jerez Delgado El régimen jurídico de la nulidad de las cláusulas abusivas en la ley nº 19.496 / Jorge Barahona González Las reglas sobre interpretación de los contratos en los códigos civiles de Chile y España / Fabián Elorriaga De Bonis SEGUNDA PARTE EJECUCIÓN, INCUMPLIMIENTO Y REMEDIOS La noción de incumplimiento. una mirada unitaria de la idea de la Vinculación contractual “garantía” / Álvaro Vidal Olivares Vicios redhibitorios y la teoría del incumplimiento del contrato en sentido amplio / Jorge Oviedo Albán El cumplimiento específico como derecho del acreedor en la tradición jurídica continental. una aproximación histórica / Gonzalo Severin Fuster La pretensión de cumplimiento específico, los límites Para el acreedor y la indemnización de daños moratorios en el derecho uruguayo / Andrés Mariño López El Procedimiento de ejecución Forzada de las obligaciones y la aestimatiorei / Claudia Bahamondes Oyarzún La delimitación de la responsabilidad contractual y la aquiliana y su incidencia en la reparación del daño moral / Cristián Aedo Barrena La responsabilidad y la exoneración del Prestador en el contrato de servicios / María Graciela Brantt Zumarán La carga de evitar o mitigar el daño: antecedentes históricos y justificación / Lilian C. San Martín Neira Alcance de la indemnización de Perjuicios en los PLDC, atendiendo a la conducta del acreedor - contribución a los Perjuicios y mitigación de los mismos. Análisis comparativo con otras Propuestas y textos legales / Pilar Benavente Moreda La resolución Por incumplimiento. una mirada desde el sinalagma Funcional / Claudia Carolina Mejías Alonzo La indemnización de daños que acompaña la resolución: algunos problemas dogmáticos que apareja su ejercicio conjunto / Juan Ignacio Contardo Gonzales Universidad Diego Portales La cláusula resolutoria en el contrato de arrendamiento de predios urbanos / Carlos Pizarro Wilson Universidad Diego Portales La suspensión de la propia prestación (la excepción de contrato no cumplido) / Jaime Alcalde Silva Consideraciones críticas sobre la reducción del precio / Alfredo Ferrante El cambio de circunstancias y sus efectos en el contrato: especial atención a la propuesta de regulación de los principios latinoamericanos de derecho de los contratos / Lis Paula San Miguel Pradera El contrato y los terceros (responsabilidad por interferencia) / Cristián Banfi del Río 
583 |a last modification  |c 20190427 02:22:00  |k Rodrigo Vera 
650 0 |a Derecho privado  |9 258243 
650 0 |a Contratos  |9 255153 
650 0 |a Incumplimiento de contratos  |9 400512 
700 0 |a Severin Fuster, Gonzalo  |e editor  |9 602396 
852 |a BIBDER 
942 |c BK  |2 ddc 
945 |d 20190427 02:22:00  |a dcastane 
952 |0 0  |1 0  |3 erb  |4 0  |6 346_830200000000000_VID_2018  |7 0  |8 A  |9 491598  |a BIBDER  |b BIBDER  |i 5523346  |l 6  |m 2  |o 346.8302 VID 2018  |p 5523346  |r 2025-04-22  |s 2025-04-22  |w 2019-11-24  |y BK  |z Catalogado en:20181213  |k DER 
952 |0 0  |1 0  |3 erd  |4 0  |6 346_830200000000000_VID_2018  |7 0  |8 A  |9 492767  |a BIBDER  |b BIBDER  |i 5545129  |l 5  |o 346.8302 VID 2018  |p 5545129  |r 2024-09-02  |s 2024-08-21  |w 2019-11-24  |y BK  |z Catalogado en:20190427  |k DER